Normal view
MARC view
- هاريس،مارتا ، ابو الحب،ضياء الدين ، حسن،عدنان محمد/ترجمة
Entry Personal Name
001 - CONTROL NUMBER
- control field: 8982
003 - CONTROL NUMBER IDENTIFIER
- control field: JO-AjAnu
005 - DATE AND TIME OF LATEST TRANSACTION
- control field: 20230606071739.0
008 - FIXED-LENGTH DATA ELEMENTS
- fixed length control field: 230606|| aca||aabn | a|a d
040 ## - CATALOGING SOURCE
- Original cataloging agency: JO-AjAnu
- Transcribing agency: JO-AjAnu
100 ## - HEADING--PERSONAL NAME
- Personal name: هاريس،مارتا ، ابو الحب،ضياء الدين ، حسن،عدنان محمد/ترجمة
670 ## - SOURCE DATA FOUND
- Source citation: Work cat.: (JO-AjAnu)4635: هاريس،مارتا ، ابو الحب،ضياء الدين ، حسن،عدنان محمد/ترجمة, author, ابنك المراهق كيف تفهمه وترعاه